000 00417 a2200109 4500
001 ART_44359
005 20260410161808.0
008 260409a
245 1 0 _aPrescripción de la acción social de responsabilidad de los administradores. Divergencias doctrinarias y jurisprudenciales
100 1 _aAlmada, Sebastián E.
773 0 _tDoctrina Societaria y Concursal
_g- Nº 359 (oct. 2017)
_wREV4298
999 _c21200
_d21200